Shōwa 26--32-nen kokumin shihon kanjō (kokumin taishaku taishōhyō kinʼyū renkanhyō) : (Record no. 35180)
[ view plain ]
| 000 -LEADER | |
|---|---|
| fixed length control field | 01218cam a2200301 i 4500 |
| 001 - CONTROL NUMBER | |
| control field | j 67003929 |
| 003 - CONTROL NUMBER IDENTIFIER | |
| control field | DLC |
| 005 - DATE AND TIME OF LATEST TRANSACTION | |
| control field | 20260227111522.0 |
| 008 - FIXED-LENGTH DATA ELEMENTS--GENERAL INFORMATION | |
| fixed length control field | 990709s1958 ja a f000 0 jpn |
| 010 ## - LIBRARY OF CONGRESS CONTROL NUMBER | |
| LC control number | j 67003929 |
| 035 ## - SYSTEM CONTROL NUMBER | |
| System control number | (CStRLIN)DCLP99-B8636 |
| 040 ## - CATALOGING SOURCE | |
| Original cataloging agency | DLC-R |
| Transcribing agency | DLC-R |
| Modifying agency | DLC-R |
| -- | DLC |
| 043 ## - GEOGRAPHIC AREA CODE | |
| Geographic area code | a-ja--- |
| 050 00 - LIBRARY OF CONGRESS CALL NUMBER | |
| Classification number | HC465.I5 |
| Item number | K42 |
| 066 ## - CHARACTER SETS PRESENT | |
| Alternate G0 or G1 character set | $1 |
| 110 2# - MAIN ENTRY--CORPORATE NAME | |
| Linkage | 880-01 |
| Corporate name or jurisdiction name as entry element | Keizai Kikakuchō Keizai Kenkyūjo (Japan) |
| 245 10 - TITLE STATEMENT | |
| Linkage | 880-02 |
| Title | Shōwa 26--32-nen kokumin shihon kanjō (kokumin taishaku taishōhyō kinʼyū renkanhyō) : |
| Remainder of title | sono shisan to mondaiten. |
| 260 ## - PUBLICATION, DISTRIBUTION, ETC. | |
| Linkage | 880-03 |
| Place of publication, distribution, etc. | [Tokyo] : |
| Name of publisher, distributor, etc. | Keizai Kikakuchō Keizai Kenkyūjo, |
| Date of publication, distribution, etc. | [1958] |
| 300 ## - PHYSICAL DESCRIPTION | |
| Extent | 121 p. : |
| Other physical details | ill. ; |
| Dimensions | 26 cm. |
| 440 #0 - SERIES STATEMENT/ADDED ENTRY--TITLE | |
| Linkage | 880-04 |
| Title | Keizai kenkyū shirīzu ; |
| Volume/sequential designation | dai 1-gō |
| 500 ## - GENERAL NOTE | |
| General note | Cover title. |
| 500 ## - GENERAL NOTE | |
| General note | Errata (4 p.) slips inserted. |
| 650 #0 - SUBJECT ADDED ENTRY--TOPICAL TERM | |
| Topical term or geographic name entry element | National income |
| Geographic subdivision | Japan |
| General subdivision | Accounting. |
| 880 2# - ALTERNATE GRAPHIC REPRESENTATION | |
| Linkage | 110-01/$1 |
| a | 経済企画庁経済研究所 (Japan) |
| 880 10 - ALTERNATE GRAPHIC REPRESENTATION | |
| Linkage | 245-02/$1 |
| a | 昭和 26-32年国民資本勘定 (国民貸借対照表・金融連関表) : |
| b | その試算と問題点. |
| 880 ## - ALTERNATE GRAPHIC REPRESENTATION | |
| Linkage | 260-03/$1 |
| a | [Tokyo] : |
| b | 経済企画庁経済研究所, |
| c | [1958] |
| 880 #0 - ALTERNATE GRAPHIC REPRESENTATION | |
| Linkage | 440-04/$1 |
| a | 経済研究シリ一ズ ; |
| v | 第 1号 |
No items available.